| 000 | 00891nam a2200229Ia 4500 | ||
|---|---|---|---|
| 003 | GCL | ||
| 008 | 140319s9999 xx 000 0 ara d | ||
| 040 |
_aGCL / _cGCL |
||
| 082 | 0 | 4 |
_aق _b953.073 _bح ع |
| 100 | 1 | _aحسن الرزاز | |
| 245 | 1 | 0 |
_aعواصم مصر الاسلامية / _cحسن الرزاز |
| 300 | _a435 ص | ||
| 490 |
_aالهيئة العامة للاستعلامات _v0 |
||
| 650 | 0 | 4 | _aفتح مصر |
| 650 | 0 | 4 | _aمصر - تاريخ - العصر الاسلامى |
| 650 | 0 | 4 | _aمصر - تاريخ - العصر الفاطمى ( 969-1171 م ) |
| 650 | 0 | 4 | _aمصر - الاثار الاسلامية |
| 650 | 0 | 4 | _aمصر - تاريخ - العصر الطولونى ( 868-905 م ) |
| 650 | 0 | 4 | _aمصر - تاريخ - العصر الاخشيدى ( 943-969 م ) |
| 650 | 0 | 4 | _aمصر - تاريخ - العصر الايوبى ( 1171-1250 م ) |
| 942 |
_2ddc _cBK |
||
| 999 |
_c48945 _d48945 |
||